[Event "RUS-ch sf"]
[Site "Ufa"]
[Date "1999.??.??"]
[Round "11"]
[White "Ovetchkin, Roman"]
[Black "Obukhov, Alexander"]
[Result "1-0"]
[WhiteElo "2511"]
[BlackElo "2435"]
[PlyCount "45"]
[EventDate "1999.04.??"]
[Source "ChessBase"]
[SourceDate "1999.07.10"]

1. e4 e5 2. f4 exf4 3. Nf3 d5 4. exd5 Nf6 5. Bc4 Nxd5 6. O-O Be7 7. Qe2 Be6 8. d4 O-O 9. Nc3 Nc6 10. Nxd5 Bxd5 11. Bxd5 Qxd5 12. Bxf4 Bd6 13. Qd2 Rae8 14. Bxd6 cxd6 15. b3 b5 16. c3 Re7 17. Rac1 Rfe8 18. c4 bxc4 19. bxc4 Qh5 20. Qf4 Qg6 21. Nh4 Qe4 22. Nf5 Qxf4 23. Nxe7+ 1-0

[Event "Zaragoza op-A"]
[Site "Zaragoza"]
[Date "1995.??.??"]
[Round "1"]
[White "Westerinen, Heikki M J"]
[Black "Korneev, Oleg"]
[Result "0-1"]
[WhiteElo "2405"]
[BlackElo "2540"]
[PlyCount "86"]
[EventDate "1995.06.??"]
[Source "www.chesslib.no"]
[SourceDate "2004.05.04"]

1. e4 e5 2. f4 d5 3. exd5 exf4 4. Nf3 Nf6 5. Bb5+ c6 6. dxc6 Nxc6 7. d4 Bd6 8. Qe2+ Be6 9. Ng5 O-O 10. Nxe6 fxe6 11. Bxc6 bxc6 12. O-O Nd5 13. Qxe6+ Kh8 14. Nc3 Nxc3 15. bxc3 f3 16. Rxf3 Rxf3 17. gxf3 Qf8 18. Qe2 Re8 19. Qf2 h6 20. Bd2 Re6 21. Re1 Rf6 22. Rf1 Qf7 23. Qe2 Qxa2 24. Qe4 a5 25. Kh1 a4 26. Be1 a3 27. Bg3 Bxg3 28. hxg3 Qb2 29. Qe8+ Kh7 30. Qe4+ Kh8 31. Qe8+ Kh7 32. Qe4+ Rg6 33. Kg2 a2 34. Rh1 Qa3 35. Ra1 Qb2 36. Rh1 Qb8 37. g4 Qb2 38. Qe1 Qxc2+ 39. Kg3 Qb3 40. Qa1 Re6 41. Rh2 Qb8+ 42. Kh3 Qf4 43. Rf2 Re2 0-1

[Event "Villa Martelli Masters KO"]
[Site "Villa Martelli"]
[Date "2002.04.14"]
[Round "2.1"]
[White "Ginzburg, Maximiliano"]
[Black "Zarnicki, Pablo"]
[Result "1-0"]
[WhiteElo "2445"]
[BlackElo "2493"]
[PlyCount "57"]
[EventDate "2002.04.12"]
[Source "ChessBase"]
[SourceDate "2002.08.12"]

1. e4 e5 2. f4 d5 3. exd5 exf4 4. Nf3 Nf6 5. Bb5+ c6 6. dxc6 Nxc6 7. d4 Bd6 8. O-O O-O 9. Nbd2 Bg4 10. c3 Re8 11. Nc4 Bc7 12. Bd2 Qd5 13. Na3 Ne4 14. Be1 a6 15. Bc4 Qh5 16. h3 Bd7 17. Ne5 Rxe5 18. dxe5 Qf5 19. g4 Bb6+ 20. Kg2 Qxe5 21. Bxf7+ Kxf7 22. Qxd7+ Ne7 23. Nc4 Qc7 24. Nxb6 Qxb6 25. Rxf4+ Nf6 26. Bf2 Qa5 27. Re1 Qd5+ 28. Qxd5+ Nexd5 29. Rf3 1-0

[Event "XIV Open"]
[Site "Ljubljana"]
[Date "2003.06.22"]
[Round "3"]
[White "Barle, Janez"]
[Black "Delchev, Aleksander"]
[Result "0-1"]
[WhiteElo "2360"]
[BlackElo "2577"]
[PlyCount "44"]
[EventDate "2003.06.21"]
[Source "Roberto Alvarez"]
[SourceDate "2003.07.07"]

1. e4 e5 2. f4 exf4 3. Nf3 d5 4. exd5 Nf6 5. Bc4 Nxd5 6. Bxd5 Qxd5 7. O-O Nc6 8. Nc3 Qf5 9. d4 Be6 10. Ne5 Nxe5 11. Rxf4 Qg6 12. dxe5 Bc5+ 13. Kh1 O-O 14. Ne4 Rad8 15. Qe2 Bd4 16. Ng3 Rd5 17. Re4 Rfd8 18. Bf4 Bg4 19. Qc4 b5 20. Qxc7 Bb6 21. Qc3 Bf2 22. Rf1 Rd1 0-1

[Event "Seversk"]
[Site "Seversk"]
[Date "1997.??.??"]
[Round "9"]
[White "Balashov, Yuri S"]
[Black "Egin, Vladimir"]
[Result "1-0"]
[WhiteElo "2510"]
[BlackElo "2425"]
[PlyCount "151"]
[EventDate "1997.??.??"]
[Source "www.chesslib.no"]
[SourceDate "2004.05.04"]

1. e4 e5 2. f4 exf4 3. Nf3 d5 4. exd5 Nf6 5. Bc4 Nxd5 6. O-O c6 7. d4 Be6 8. Bb3 Be7 9. c4 Ne3 10. Bxe3 fxe3 11. Nc3 O-O 12. Qd3 Nd7 13. Qxe3 Nf6 14. Rae1 Qc7 15. c5 Bxb3 16. Qxe7 Qxe7 17. Rxe7 Bc4 18. Rfe1 Rab8 19. b3 Bd5 20. Ne5 Be6 21. Nc4 Bxc4 22. bxc4 Rfd8 23. d5 cxd5 24. Nxd5 Nd7 25. Rf1 f6 26. Rf3 Ne5 27. Rg3 Ng6 28. Rc7 Kf8 29. Rb3 Ne5 30. Rbxb7 Rxb7 31. Rxb7 Nxc4 32. Nf4 Re8 33. Rxa7 Ne5 34. h3 g5 35. Nd5 Re6 36. Rxh7 Nf7 37. h4 Kg8 38. Rh5 Kg7 39. hxg5 Nxg5 40. Kh2 Re5 41. Nf4 Kf7 42. Rh8 Rxc5 43. Ra8 Ke7 44. Ra6 f5 45. a4 Kd7 46. a5 Rc6 47. Ra7+ Rc7 48. Ra8 Rc8 49. Rxc8 Kxc8 50. Nd5 Kb7 51. Kg3 Ka6 52. Kf4 Ne4 53. Kxf5 Nf2 54. Nc3 Kxa5 55. Ne4 Nd1 56. Kf4 Kb6 57. g4 Kc6 58. g5 Kd7 59. g6 Ke7 60. Kg5 Ne3 61. Kh6 Nf5+ 62. Kh7 Kd7 63. Kh8 Ke6 64. Ng3 Ne7 65. g7 Ke5 66. Nf1 Kf4 67. Nd2 Ke5 68. Nf3+ Ke4 69. Nh4 Ke5 70. Kh7 Nd5 71. Kg6 Ne7+ 72. Kf7 Kd6 73. Kf8 Kd7 74. Nf5 Ng6+ 75. Kf7 Ne5+ 76. Kf6 1-0

[Event "Europa ch 2008"]
[Site "Plovdiv BUL"]
[Date "2008.04.24"]
[Round "4.114"]
[White "Mista, Aleksander"]
[Black "Georgiadis, Ioannis"]
[Result "1/2-1/2"]
[WhiteElo "2537"]
[BlackElo "2394"]
[PlyCount "56"]
[EventDate "2008.04.21"]
[Source "www.chesslib.no"]
[SourceDate "2004.05.04"]

1. e4 e5 2. f4 d5 3. exd5 exf4 4. Nf3 Nf6 5. Bc4 Nxd5 6. Bxd5 Qxd5 7. Nc3 Qf5 8. Qe2+ Qe6 9. d4 Bb4 10. Bxf4 O-O 11. Qxe6 Bxe6 12. Bxc7 Rc8 13. Bxb8 Raxb8 14. Kd2 Rc4 15. Rhe1 Rbc8 16. Re3 Bd5 17. Rae1 Bxf3 18. Re8+ Rxe8 19. Rxe8+ Bf8 20. gxf3 Rxd4+ 21. Ke3 Rh4 22. Nd5 g6 23. Rb8 Rxh2 24. Rxb7 Rxc2 25. Nf6+ Kg7 26. Ne8+ Kg8 27. Nf6+ Kg7 28. Ne8+ Kg8 1/2-1/2

[Event "RUS-Cup1 Chigorin mem"]
[Site "St Petersburg"]
[Date "1996.??.??"]
[Round "4"]
[White "Sulskis, Sarunas"]
[Black "Ivanov, Vladimir Ivanovich"]
[Result "1-0"]
[WhiteElo "2515"]
[BlackElo "2415"]
[PlyCount "77"]
[EventDate "1996.11.??"]
[Source "ChessBase"]

1. e4 e5 2. f4 exf4 3. Nf3 d5 4. exd5 Nf6 5. Bb5+ c6 6. dxc6 bxc6 7. Bc4 Nd5 8. O-O Be6 9. Bb3 Bd6 10. c4 Ne7 11. d4 Ng6 12. c5 Bxb3 13. Qxb3 Be7 14. Qb7 Qd7 15. Qxd7+ Nxd7 16. Nc3 Nf6 17. b4 a5 18. b5 cxb5 19. Nxb5 O-O 20. a4 Nd5 21. Ba3 Rfc8 22. Rac1 Rc6 23. Rfe1 f6 24. Nd2 Kf8 25. Nc4 Kf7 26. Kf2 Bf8 27. Kf3 Nge7 28. Re2 g5 29. h4 h6 30. hxg5 hxg5 31. Rh1 Bg7 32. Rhe1 f5 33. Rxe7+ Nxe7 34. Rxe7+ Kxe7 35. d5 Rh6 36. c6+ Kf6 37. d6 Rh1 38. d7 Rd1 39. Bb2+ 1-0

[Event "Brocco Open"]
[Site "Brocco"]
[Date "1991.??.??"]
[Round "9"]
[White "Gallagher, Joseph G"]
[Black "Dutreeuw, Marc"]
[Result "1/2-1/2"]
[WhiteElo "2520"]
[BlackElo "2405"]
[PlyCount "105"]
[EventDate "1991.??.??"]
[Source "www.chesslib.no"]
[SourceDate "2004.05.04"]

1. e4 e5 2. f4 exf4 3. Nf3 d5 4. exd5 Nf6 5. Bc4 Nxd5 6. O-O Be6 7. Bb3 Be7 8. c4 Nb6 9. d4 O-O 10. d5 Bg4 11. Bxf4 Bd6 12. Qd4 Bxf3 13. Rxf3 N8d7 14. Bxd6 cxd6 15. Bc2 Ne5 16. Rh3 g6 17. Nd2 Rc8 18. b3 f5 19. Rf1 Nbd7 20. Rg3 Kh8 21. Nf3 Qb6 22. Qxb6 Nxf3+ 23. gxf3 axb6 24. Kf2 Rfe8 25. Rgg1 Re7 26. Re1 Rce8 27. Rxe7 Rxe7 28. a4 Re8 29. h4 Nf6 30. Bd3 f4 31. b4 Kg7 32. Rc1 Re3 33. Bf1 Nd7 34. a5 Rb3 35. c5 bxc5 36. b5 Ra3 37. a6 b6 38. Rc4 Ne5 39. Rxf4 c4 40. Bxc4 Ra4 41. a7 Rxa7 42. Be2 h6 43. Rd4 g5 44. hxg5 hxg5 45. Rd2 Rc7 46. Ra2 Ng6 47. Ke3 Nf4 48. Kd4 Rc1 49. Bc4 Rd1+ 50. Ke4 Rc1 51. Kd4 Rd1+ 52. Ke4 Re1+ 53. Kd4 1/2-1/2

[Event "Olympiad"]
[Site "Malta ol"]
[Date "1980.??.??"]
[Round "?"]
[White "Arnason, Jon L"]
[Black "Hecht, Hans-Joachim"]
[Result "0-1"]
[WhiteElo "2435"]
[BlackElo "2485"]
[PlyCount "72"]
[EventDate "1980.??.??"]
[Source "www.chesslib.no"]
[SourceDate "2004.05.04"]

1. e4 e5 2. f4 exf4 3. Nf3 d5 4. exd5 Nf6 5. Be2 Bd6 6. O-O Nxd5 7. c4 Ne7 8. d4 Ng6 9. Nc3 O-O 10. c5 Be7 11. b4 Nc6 12. Bc4 Nxb4 13. Rb1 Nc6 14. Kh1 Na5 15. Bd3 b6 16. Ne5 Qxd4 17. Nxg6 fxg6 18. Nb5 Qxc5 19. Ba3 Qg5 20. Be4 c6 21. Nd6 Ba6 22. Rf2 Rad8 23. Rd2 Nc4 24. Nxc4 Bxc4 25. Bxe7 Qxe7 26. Bxc6 Bxa2 27. Ra1 Bc4 28. Bf3 b5 29. h3 h6 30. Rxa7 Rxd2 31. Rxe7 Rxd1+ 32. Bxd1 Rb8 33. Bc2 Bf7 34. Re4 g5 35. Rb4 Bc4 36. Kh2 Kf7 0-1

[Event "Zlatibor"]
[Site "?"]
[Date "2006.08.29"]
[Round "4"]
[White "Zlatic Mihajlo"]
[Black "Lazic Miroljub"]
[Result "0-1"]
[WhiteElo "2439"]
[BlackElo "2477"]
[PlyCount "112"]
[EventDate "2006.??.??"]
[Source "www.chesslib.no"]
[SourceDate "2004.05.04"]

1. e4 e5 2. f4 exf4 3. Nf3 d5 4. exd5 Nf6 5. Bb5+ c6 6. dxc6 Nxc6 7. Nc3 Bd6 8. O-O O-O 9. d4 Bg4 10. Bxc6 bxc6 11. Qd3 Re8 12. Bd2 Qb6 13. Ng5 Be5 14. Kh1 Qxd4 15. Qxd4 Bxd4 16. Rxf4 Rad8 17. Raf1 Bh5 18. Nf3 Bb6 19. Bc1 Bg6 20. Rc4 Bxc2 21. Rxc6 Bd3 22. Re1 h6 23. h3 Rxe1+ 24. Nxe1 Be4 25. Rc4 Bb7 26. Bf4 Nd5 27. Nxd5 Bxd5 28. Ra4 Re8 29. Nf3 Re2 30. b3 Bc6 31. Rc4 Bxf3 32. gxf3 Rxa2 33. Bc7 Be3 34. f4 Kh7 35. Re4 Bc5 36. Re5 Rc2 37. f5 Bb4 38. Bb8 a5 39. Rb5 Rc3 40. Rb7 f6 41. Ba7 Rxh3+ 42. Kg2 Rd3 43. Rb5 Rxb3 44. Bd4 Rd3 45. Bb6 h5 46. Bc7 Rc3 47. Bb6 Kh6 48. Kf2 Kg5 49. Be3+ Kg4 50. Ke2 Rc7 51. Rd5 h4 52. Rd4+ Kxf5 53. Rxh4 Rb7 54. Rh8 a4 55. Ra8 a3 56. Bc1 Rc7 0-1

[Event "It CGT 2003"]
[Site "Buenos Aires"]
[Date "2003.12.13"]
[Round "3"]
[White "Crosa, Martin"]
[Black "Slipak, Sergio"]
[Result "1/2-1/2"]
[WhiteElo "2403"]
[BlackElo "2503"]
[PlyCount "83"]
[EventDate "2003.12.11"]
[Source "Roberto Alvarez"]
[SourceDate "2003.12.22"]

1. e4 e5 2. f4 d5 3. exd5 exf4 4. Nf3 Nf6 5. Bc4 Bd6 6. O-O O-O 7. d4 c6 8. Nc3 Bg4 9. Qd3 cxd5 10. Nxd5 Nxd5 11. Bxd5 Nc6 12. Bd2 Qf6 13. c3 Rad8 14. Rae1 h6 15. b4 Bb8 16. Be4 Rfe8 17. Rf2 a6 18. h3 Bc8 19. Rfe2 Kh8 20. Bxc6 Qxc6 21. d5 Rxe2 22. dxc6 Rxe1+ 23. Nxe1 Rxd3 24. Nxd3 f3 25. gxf3 bxc6 26. Kg2 g5 27. Be1 Kg7 28. a4 Kf6 29. h4 gxh4 30. Bxh4+ Ke6 31. c4 Kf5 32. Bg3 Bxg3 33. Kxg3 Be6 34. b5 cxb5 35. cxb5 axb5 36. axb5 Bd5 37. b6 h5 38. Nc5 h4+ 39. Kf2 h3 40. b7 Bxb7 41. Nxb7 h2 42. Kg2 1/2-1/2

[Event "HUN-ch"]
[Site "Budapest"]
[Date "1980.??.??"]
[Round "?"]
[White "Groszpeter, Attila"]
[Black "Hazai, Laszlo"]
[Result "0-1"]
[WhiteElo "2480"]
[BlackElo "2425"]
[PlyCount "96"]
[EventDate "1980.12.??"]
[Source "ChessBase"]

1. e4 e5 2. f4 exf4 3. Nf3 d5 4. exd5 Nf6 5. Bb5+ c6 6. dxc6 Nxc6 7. d4 Bd6 8. Qe2+ Be6 9. Ng5 O-O 10. Nxe6 Qb6 11. Bxc6 bxc6 12. Nxf8 Re8 13. Qxe8 Nxe8 14. c3 Kxf8 15. Nd2 Qb5 16. c4 Qf5 17. O-O Qd3 18. Nb3 g5 19. c5 Bc7 20. Bd2 Nf6 21. Rad1 Qe2 22. Rde1 Qh5 23. Ba5 Bb8 24. Bd8 Nd5 25. Na5 Qg6 26. Nc4 Qd3 27. Bxg5 f6 28. Bh6+ Kf7 29. Nd6+ Kg6 30. Re8 Qxd4+ 31. Kh1 Bxd6 32. cxd6 Ne3 33. d7 Qxd7 34. Rxe3 fxe3 35. Bxe3 Qd3 36. Re1 a5 37. a3 a4 38. Kg1 Kf5 39. Kf2 c5 40. Re2 Kg6 41. Bc1 c4 42. h3 Kh5 43. Bd2 Qf5+ 44. Kg3 Qc2 45. Kf3 Qxb2 46. g4+ Kg6 47. Bb4 c3 48. h4 h5 0-1

[Event "Wijk op"]
[Site "Wijk aan Zee"]
[Date "1993.??.??"]
[Round "7"]
[White "Reinderman, Dimitri"]
[Black "Van der Sterren, Paul"]
[Result "1/2-1/2"]
[WhiteElo "2415"]
[BlackElo "2490"]
[PlyCount "115"]
[EventDate "1993.01.??"]
[Source "ChessBase"]

1. e4 e5 2. f4 exf4 3. Nf3 d5 4. exd5 Nf6 5. Bc4 Nxd5 6. O-O Be6 7. Qe2 Be7 8. Nc3 c6 9. d4 O-O 10. Nxd5 cxd5 11. Bd3 Nc6 12. Bxf4 Nb4 13. Bb5 a6 14. Ba4 b5 15. Bb3 Nc6 16. c3 Bf5 17. Rae1 Rc8 18. a4 b4 19. Qxa6 bxc3 20. bxc3 Be4 21. Nd2 Na5 22. Ba2 Rxc3 23. Nxe4 dxe4 24. Rxe4 Ra3 25. Qe2 Nc6 26. Qc4 Bf6 27. Qxc6 Bxd4+ 28. Kh1 Rxa2 29. Bd6 Rf2 30. Rxf2 Bxf2 31. Rf4 Re8 32. g3 Be3 33. Rf3 Re6 34. Qc7 Qxc7 35. Bxc7 h5 36. a5 Ba7 37. Rb3 g5 38. Bb6 Re7 39. Bxa7 Rxa7 40. Ra3 Ra6 41. Kg2 f5 42. Kf3 Kf7 43. Ke3 Kf6 44. Kd4 f4 45. gxf4 g4 46. Ke4 h4 47. Ke3 Kf5 48. Ra4 Re6+ 49. Kf2 Ra6 50. Kg2 Kf6 51. h3 Kf5 52. Kh2 g3+ 53. Kg2 Rc6 54. Ra1 Kxf4 55. a6 Rc2+ 56. Kg1 Rc8 57. a7 Ra8 58. Kg2 1/2-1/2

[Event "Iit"]
[Site "Donskoj"]
[Date "2002.??.??"]
[Round "10"]
[White "Krasnov, Viktor"]
[Black "Afromeev, Vladimir"]
[Result "0-1"]
[WhiteElo "2444"]
[BlackElo "2452"]
[PlyCount "104"]
[EventDate "2002.11.??"]
[Source "Roberto Alvarez"]
[SourceDate "2003.02.17"]

1. e4 e5 2. f4 exf4 3. Nf3 d5 4. exd5 Nf6 5. Bb5+ c6 6. dxc6 Nxc6 7. d4 Bd6 8. Qe2+ Be6 9. Ng5 O-O 10. Nxe6 fxe6 11. Qxe6+ Kh8 12. Bxc6 bxc6 13. O-O f3 14. Rxf3 Re8 15. Qf5 Qb6 16. c3 Re1+ 17. Rf1 Rxf1+ 18. Qxf1 Qc7 19. g3 Bxg3 20. Qg2 Re8 21. Qxg3 Qxg3+ 22. hxg3 Re1+ 23. Kf2 Rxc1 24. Ke3 Nd5+ 25. Ke2 Rg1 26. Kf2 Rc1 27. Ke2 h5 28. a4 g5 29. a5 h4 30. gxh4 gxh4 31. Kf3 h3 32. Kg3 Nf4 33. Kh2 Rc2+ 34. Kg3 h2 35. Nd2 Ne2+ 36. Kxh2 Rxd2 37. Kh3 Rxb2 38. Re1 Kg8 39. Kg4 Ra2 40. Rb1 Rxa5 41. Rb3 Kf7 42. Kf3 Nc1 43. Rb1 Na2 44. Rb3 Ke6 45. c4 Ra4 46. Re3+ Kd6 47. c5+ Kd5 48. Re5+ Kc4 49. Re6 Nb4 50. Ke4 Ra1 51. Rd6 a5 52. Rd8 a4 0-1

[Event "Biel"]
[Site "Biel"]
[Date "1983.??.??"]
[Round "?"]
[White "Hebden, Mark"]
[Black "Toth, Bela"]
[Result "0-1"]
[WhiteElo "2495"]
[BlackElo "2400"]
[PlyCount "36"]
[EventDate "1983.07.??"]
[Source "ChessBase"]

1. e4 e5 2. f4 exf4 3. Nf3 d5 4. exd5 Nf6 5. Bc4 Nxd5 6. O-O Be6 7. Bb3 Be7 8. c4 Nb6 9. d4 Nxc4 10. Qe2 Ne3 11. Bxe6 Nxf1 12. Qb5+ c6 13. Qxb7 fxe6 14. Qxa8 Qb6 15. Bxf4 O-O 16. Nc3 Nd7 17. Qxf8+ Bxf8 18. b3 e5 0-1

[Event "Reykjavik"]
[Site "Reykjavik"]
[Date "1984.??.??"]
[Round "?"]
[White "Arnason, Jon L"]
[Black "Kristinsson, Jon"]
[Result "1/2-1/2"]
[WhiteElo "2500"]
[BlackElo "2385"]
[PlyCount "37"]
[EventDate "1984.01.??"]
[Source "ChessBase"]

1. e4 e5 2. f4 d5 3. exd5 exf4 4. Nf3 Nf6 5. Bb5+ c6 6. dxc6 Nxc6 7. d4 Bd6 8. O-O O-O 9. Nbd2 Bg4 10. Nc4 Bc7 11. Bxc6 bxc6 12. Qd3 Bxf3 13. Rxf3 Nd5 14. Ne5 Bxe5 15. dxe5 Qb6+ 16. Kh1 Rad8 17. Qe2 Ne3 18. Bxe3 Qxb2 19. Raf1 1/2-1/2

[Event "Hastings Challengers 9091"]
[Site "Hastings"]
[Date "1990.??.??"]
[Round "?"]
[White "Gallagher, Joseph G"]
[Black "Morris, Philip"]
[Result "1-0"]
[WhiteElo "2495"]
[BlackElo "2380"]
[PlyCount "35"]
[EventDate "1990.12.??"]
[Source "ChessBase"]

1. e4 e5 2. f4 d5 3. exd5 exf4 4. Nf3 Nf6 5. Bc4 Nxd5 6. O-O Be7 7. d4 O-O 8. Bxd5 Qxd5 9. Bxf4 c5 10. Nc3 Qc4 11. Qe1 Bf6 12. Bd6 Bxd4+ 13. Kh1 Qe6 14. Bxf8 Qxe1 15. Raxe1 Kxf8 16. Nxd4 cxd4 17. Nb5 Nc6 18. Nc7 1-0

[Event "Reg Gillman Memorial 'C'"]
[Site "?"]
[Date "1999.??.??"]
[Round "?"]
[White "Nightingale Darrell"]
[Black "Nielsen Mogens"]
[Result "1-0"]
[WhiteElo "2490"]
[BlackElo "2380"]
[PlyCount "35"]
[EventDate "1999.??.??"]
[Source "www.chesslib.no"]
[SourceDate "2004.05.04"]

1. e4 e5 2. f4 exf4 3. Nf3 d5 4. exd5 Nf6 5. Bc4 Bd6 6. Qe2+ Kf8 7. d4 Bg4 8. Nc3 c6 9. Bd2 cxd5 10. Nxd5 Nc6 11. O-O-O Rc8 12. Nxf6 Qxf6 13. Rhe1 Nxd4 14. Qd3 b5 15. Bc3 Rxc4 16. Nxd4 Rxc3 17. Qxc3 h5 18. h3 1-0

[Event "USA-op Los Angeles"]
[Site "Los Angeles, CA USA"]
[Date "1991.??.??"]
[Round "?"]
[White "Gurevich, Ilya M"]
[Black "Henao, Raul Fernando"]
[Result "1/2-1/2"]
[WhiteElo "2495"]
[BlackElo "2370"]
[PlyCount "48"]
[EventDate "1991.07.??"]
[Source "www.chesslib.no"]
[SourceDate "2004.05.04"]

1. e4 e5 2. f4 exf4 3. Nf3 d5 4. exd5 Nf6 5. d4 Nxd5 6. Be2 Bd6 7. O-O O-O 8. c4 Ne3 9. Bxe3 fxe3 10. Nc3 Nc6 11. c5 Bf4 12. g3 Bh6 13. d5 Ne7 14. Qb3 Bh3 15. Rfd1 Ng6 16. d6 cxd6 17. cxd6 Qd7 18. Qb4 Nf4 19. Bc4 e2 20. Nxe2 Nxe2+ 21. Bxe2 Qe6 22. Qc4 Qe3+ 23. Kh1 Qf2 24. Nh4 Bg5 1/2-1/2

[Event "Surakarta/Denpasar"]
[Site "Surakarta"]
[Date "1982.??.??"]
[Round "18"]
[White "Handoko, Edhi"]
[Black "Matanovic, Aleksandar"]
[Result "0-1"]
[WhiteElo "2370"]
[BlackElo "2495"]
[PlyCount "80"]
[EventDate "1982.02.??"]
[Source "ChessBase"]

1. e4 e5 2. f4 exf4 3. Nf3 d5 4. exd5 Nf6 5. c4 c6 6. d4 cxd5 7. Bxf4 Bb4+ 8. Nc3 O-O 9. Bd3 dxc4 10. Bxc4 Nc6 11. O-O Bg4 12. Be3 Rc8 13. Bb3 Be7 14. Qd2 Na5 15. Ne5 Nxb3 16. axb3 Be6 17. Rxa7 Qb6 18. Raa1 Qxb3 19. Bg5 Nd5 20. Bxe7 Nxe7 21. Ra3 Qb4 22. Ra4 Qb6 23. Ne4 Nc6 24. Nf3 Rcd8 25. Qf2 Bd5 26. Re1 Rfe8 27. Nc3 Rxe1+ 28. Nxe1 Bb3 29. Ra3 Nxd4 30. Kh1 Qd6 31. Ne4 Qe7 32. Nd2 Bd5 33. Re3 Ne6 34. h3 Bc6 35. Nd3 Qd7 36. Nc4 f6 37. Rg3 Qd4 38. Qxd4 Nxd4 39. Nf4 Nf5 40. Ra3 Rd4 0-1

[Event "Bjeljina Renome"]
[Site "Bijeljina-Dvorovi"]
[Date "2000.01.28"]
[Round "3"]
[White "Danilovic, Alexandar"]
[Black "Lazic, Miroljub"]
[Result "1/2-1/2"]
[WhiteElo "2378"]
[BlackElo "2478"]
[PlyCount "20"]
[EventDate "2000.01.26"]
[Source "ChessBase"]
[SourceDate "2000.03.10"]

1. e4 e5 2. f4 exf4 3. Nf3 d5 4. exd5 Nf6 5. Bc4 Nxd5 6. O-O Be7 7. d4 Be6 8. Bb3 c6 9. c4 Nb6 10. Qe2 a5 1/2-1/2

[Event "NRW Ch U18"]
[Site "Buende"]
[Date "1985.??.??"]
[Round "8"]
[White "Buecker, Stefan"]
[Black "Flear, Glenn C"]
[Result "0-1"]
[WhiteElo "2400"]
[BlackElo "2455"]
[PlyCount "88"]
[EventDate "1985.04.??"]
[Source "www.chesslib.no"]
[SourceDate "2004.05.04"]

1. e4 e5 2. f4 exf4 3. Nf3 d5 4. exd5 Nf6 5. Bb5+ Bd7 6. Bc4 Qe7+ 7. Be2 Nxd5 8. c4 Nb6 9. O-O Nc6 10. d4 g5 11. Nc3 Bg7 12. c5 g4 13. cxb6 gxf3 14. Bxf3 Bxd4+ 15. Kh1 Bxc3 16. bxc3 axb6 17. Re1 Be6 18. Bxf4 Qd7 19. Bg5 Qxd1 20. Raxd1 O-O 21. Bf6 Rfe8 22. Be4 Bg4 23. Rd5 h6 24. h3 Re6 25. hxg4 Rxf6 26. Rd7 Re6 27. Bh7+ Kf8 28. Rxe6 fxe6 29. Rxc7 Rxa2 30. Bg6 Ne7 31. Bh5 Rc2 32. c4 b5 33. c5 b6 34. cxb6 Rxc7 35. bxc7 Nc8 36. Kh2 Ke7 37. Kg3 Kd6 38. g5 hxg5 39. Be2 b4 40. Bc4 e5 41. Kg4 Kxc7 42. Kxg5 Kd6 43. Kf5 Kc5 44. Bb3 Kd4 0-1

[Event "London YM"]
[Site "London ENG"]
[Date "1984.??.??"]
[Round "4"]
[White "Hebden, Mark L"]
[Black "Bradbury, Neil H"]
[Result "1/2-1/2"]
[WhiteElo "2455"]
[BlackElo "2395"]
[PlyCount "130"]
[EventDate "1984.??.??"]
[Source "www.chesslib.no"]
[SourceDate "2004.05.04"]

1. e4 e5 2. f4 exf4 3. Nf3 d5 4. exd5 Nf6 5. Bc4 Bd6 6. Qe2+ Qe7 7. Qxe7+ Kxe7 8. O-O Nbd7 9. Nc3 Nb6 10. Bb3 Bg4 11. d4 a5 12. a4 Bxf3 13. Rxf3 g5 14. g3 Rhg8 15. gxf4 gxf4+ 16. Kh1 Rg4 17. Ne2 Rag8 18. Bxf4 Bxf4 19. Nxf4 Ne4 20. Re1 Kd6 21. h3 Nd2 22. Rf2 Rh4 23. Rxd2 Rxf4 24. c4 Rf3 25. c5+ Kd7 26. Ba2 Rxh3+ 27. Rh2 Rxh2+ 28. Kxh2 Nxa4 29. Rf1 Rf8 30. Rf2 f5 31. Bc4 c6 32. Rc2 b5 33. dxc6+ Kxc6 34. Be2 b4 35. Bf3+ Kb5 36. c6 b3 37. Re2 Nb6 38. Re5+ Kc4 39. Rxa5 Kxd4 40. Kg3 f4+ 41. Kf2 Kc4 42. Be2+ Kd4 43. Rb5 Nd5 44. Bf3 Ne7 45. Rxb3 Rc8 46. Rc3 Nd5 47. Rc1 Nb4 48. Ke2 Na6 49. b3 Ke5 50. Rc4 Kd6 51. Ra4 Nb8 52. Ra8 Kc7 53. b4 Kb6 54. Kf2 h5 55. Kg2 Rd8 56. b5 Nxc6 57. Ra6+ Kxb5 58. Rxc6 Rd2+ 59. Kf1 Rd3 60. Be4 Re3 61. Bh1 Rh3 62. Be4 Re3 63. Bh1 Rh3 64. Bg2 f3 65. Bxh3 Kxc6 1/2-1/2

[Event "6. EICC"]
[Site "?"]
[Date "2005.07.01"]
[Round "13"]
[White "Bednarek Sylwester"]
[Black "Godena Michele"]
[Result "1/2-1/2"]
[WhiteElo "2321"]
[BlackElo "2527"]
[PlyCount "105"]
[EventDate "2005.??.??"]
[Source "www.chesslib.no"]
[SourceDate "2004.05.04"]

1. e4 e5 2. f4 exf4 3. Nf3 d5 4. exd5 Nf6 5. Nc3 Nxd5 6. Nxd5 Qxd5 7. d4 Be7 8. c4 Qe4+ 9. Kf2 Bf5 10. c5 Nc6 11. Bb5 O-O-O 12. Re1 Rxd4 13. Nxd4 Bh4+ 14. g3 fxg3+ 15. hxg3 Qxd4+ 16. Qxd4 Nxd4 17. gxh4 Nxb5 18. Re7 Nd4 19. Bf4 Ne6 20. Bg3 Rf8 21. Rd1 Rd8 22. Rxd8+ Kxd8 23. Rxf7 Bg6 24. Rf3 Nxc5 25. Rf8+ Kd7 26. Ke3 Ne6 27. Rb8 Nd8 28. b4 a6 29. a3 Bf7 30. Be1 h6 31. Bc3 g5 32. Bf6 Nc6 33. Rh8 gxh4 34. Rh7 Ke6 35. Rxh6 h3 36. Ke4 Ne7 37. Bxe7+ Kxe7 38. Ke5 Bc4 39. Rxh3 Kd7 40. Rh6 b6 41. a4 Kc8 42. Rc6 Be2 43. Ke6 Bg4+ 44. Ke7 Bd7 45. Rh6 Bxa4 46. Rh8+ Kb7 47. Kd8 c5 48. bxc5 bxc5 49. Ke7 Kc6 50. Ke6 Bb3+ 51. Ke5 a5 52. Ke4 c4 53. Kd4 1/2-1/2

[Event "BL2-Ost 9900"]
[Site "Germany"]
[Date "2000.04.09"]
[Round "9.2"]
[White "Rechel, Bernd"]
[Black "Berzinsh, Roland"]
[Result "1/2-1/2"]
[WhiteElo "2400"]
[BlackElo "2445"]
[PlyCount "57"]
[EventDate "1999.10.??"]
[Source "ChessBase"]
[SourceDate "2000.05.11"]

1. e4 e5 2. f4 exf4 3. Nf3 d5 4. exd5 Nf6 5. Bc4 Nxd5 6. Bxd5 Qxd5 7. Nc3 Qd8 8. d4 Bb4 9. O-O Bxc3 10. bxc3 O-O 11. Bxf4 Be6 12. Qd3 f6 13. Rfe1 Bf7 14. Nh4 Kh8 15. Qg3 Na6 16. Nf5 Bg6 17. Ne7 Bxc2 18. Re3 Rf7 19. Rae1 Qd7 20. Qf2 Ba4 21. Qh4 Bc2 22. Qf2 Ba4 23. Re6 Bb5 24. Qh4 Bc4 25. d5 Bxd5 26. Ng6+ Kg8 27. Ne7+ Kh8 28. Ng6+ Kg8 29. Ne7+ 1/2-1/2

[Event "Zone"]
[Site "?"]
[Date "1998.??.??"]
[Round "?"]
[White "Rodriguez, And URU"]
[Black "Toloza, P."]
[Result "1-0"]
[WhiteElo "2490"]
[BlackElo "2350"]
[PlyCount "79"]
[EventDate "1998.??.??"]
[Source "www.chesslib.no"]
[SourceDate "2004.05.04"]

1. e4 e5 2. f4 exf4 3. Nf3 d5 4. exd5 Nf6 5. Bb5+ c6 6. dxc6 Nxc6 7. d4 Bd6 8. Nc3 O-O 9. O-O Bg4 10. Ne2 Nh5 11. c3 Qf6 12. Bd2 a6 13. Bd3 Rae8 14. Qc2 h6 15. Rae1 Re7 16. Nc1 Rfe8 17. Rxe7 Rxe7 18. Be4 g6 19. Re1 Bc7 20. Nd3 Bb6 21. Nf2 Bd7 22. Qb3 Na5 23. Qb4 Re8 24. c4 Bc7 25. d5 b6 26. Bc3 Qd6 27. Qxd6 Bxd6 28. Bd3 Rxe1+ 29. Nxe1 Nb7 30. b4 f5 31. Be2 Ng7 32. Nfd3 Nd8 33. Bd4 Bc7 34. c5 bxc5 35. bxc5 g5 36. Nc2 Ne8 37. d6 Ba5 38. Ne5 Be6 39. a3 Bb3 40. Bc4+ 1-0

[Event "Lenk Open"]
[Site "Lenk SUI"]
[Date "1991.??.??"]
[Round "2"]
[White "Gallagher, Joseph G"]
[Black "Chudinovskih, Alexander N"]
[Result "1-0"]
[WhiteElo "2520"]
[BlackElo "2315"]
[PlyCount "37"]
[EventDate "1991.06.??"]
[Source "www.chesslib.no"]
[SourceDate "2004.05.04"]

1. e4 e5 2. f4 d5 3. exd5 exf4 4. Nf3 Nf6 5. Bc4 Bd6 6. Qe2+ Be7 7. d4 Nxd5 8. Bxd5 Qxd5 9. Bxf4 c6 10. O-O Be6 11. Nc3 Qa5 12. Ne4 O-O 13. Neg5 Bxg5 14. Nxg5 Re8 15. Qd3 Bf5 16. Qb3 Re7 17. Bd6 Be6 18. Nxe6 Rxe6 19. Qxe6 1-0